000 00260nam a2200109Ia 4500
005 20251222114358.0
008 251222s1900||||xx |||||||||||||| ||spa||
082 _aDVD0092/S25F/2006
245 0 _aLa fuerza del espíritu.
264 _bSalas, Raúl.
942 _cDVD
999 _c1521
_d1521